[Event "Belgrade ChessAmateur op 5th"]
[Site "Belgrade"]
[Date "2019.01.07"]
[Round "6"]
[White "Ocakacan, Deniz"]
[Black "Frolov, Lev"]
[Result "1-0"]
[WhiteElo "1679"]
[BlackElo "1907"]
[PlyCount "101"]
[EventDate "2019.01.04"]
[EventType "swiss"]
[EventRounds "9"]
[EventCountry "SRB"]
[SourceTitle "CBM 188 Extra"]
[Source "ChessBase"]
[SourceDate "2019.02.26"]
[SourceVersion "1"]
[SourceVersionDate "2019.02.26"]
[SourceQuality "1"]

1. e4 c5 2. Nf3 d6 3. d4 cxd4 4. Nxd4 Nf6 5. Nc3 a6 6. Bg5 e6 7. f4 Be7 8. Qf3 Qc7 9. 0-0-0 Nbd7 10. Bd3 Nc5 11. Rhe1 Nxd3+ 12. Rxd3 Bd7 13. e5 dxe5 14. fxe5 Nd5 15. Ne4 Bc5 16. Nd6+ Bxd6 17. exd6 Qa5 18. Rf1 0-0 19. Be7 Nxe7 20. dxe7 Qg5+ 21. Qe3 Qxe7 22. Nf5 Qf6 23. Ng3 Qe7 24. Nf5 Qf6 25. Rxd7 exf5 26. Rxb7 Rfe8 27. Qf3 Rad8 28. Rc7 Qd6 29. Qc3 Qh6+ 30. Kb1 Qd2 31. a4 Qxc3 32. Rxc3 Rd2 33. Rg1 g6 34. Rc6 Ree2 35. b4 Rd4 36. Rb6 a5 37. bxa5 Rxa4 38. Rb5 Rc4 39. Rb2 Rc5 40. Ra2 Ree5 41. a6 Ra5 42. c4 Rxa2 43. Kxa2 Ra5+ 44. Kb3 Rxa6 45. c5 Kf8 46. Kb4 Ke8 47. Rd1 f4 48. Kb5 Ra8 49. Kb6 Rd8 50. Rxd8+ Kxd8 51. Kb7 1-0

[Event "Belgrade ChessAmateur op 5th"]
[Site "Belgrade"]
[Date "2019.01.06"]
[Round "4"]
[White "Frolov, Lev"]
[Black "Zivkovic, Marko"]
[Result "1/2-1/2"]
[WhiteElo "1907"]
[BlackElo "2309"]
[PlyCount "122"]
[EventDate "2019.01.04"]
[EventType "swiss"]
[EventRounds "9"]
[EventCountry "SRB"]
[SourceTitle "CBM 188 Extra"]
[Source "ChessBase"]
[SourceDate "2019.02.26"]
[SourceVersion "1"]
[SourceVersionDate "2019.02.26"]
[SourceQuality "1"]

1. d4 Nf6 2. Nf3 g6 3. c4 Bg7 4. Nc3 0-0 5. e4 d6 6. h3 Nbd7 7. Be3 e5 8. dxe5 dxe5 9. Be2 c6 10. Nd2 Qe7 11. Qc2 Nc5 12. Nb3 Ne6 13. 0-0-0 b6 14. g4 Nd7 15. Kb1 a5 16. Na4 c5 17. h4 Nd4 18. Nxd4 cxd4 19. Bg5 Qd6 20. b3 Nc5 21. Nxc5 bxc5 22. a4 Rb8 23. Ka2 Bd7 24. f3 f5 25. gxf5 gxf5 26. Bd3 f4 27. h5 Kh8 28. Rdg1 Bf6 29. Rg2 Rg8 30. Rhg1 Bh3 31. Bxf6+ Qxf6 32. Rxg8+ Rxg8 33. Rxg8+ Kxg8 34. Qh2 Bd7 35. Qd2 Qb6 36. h6 Bh3 37. Qh2 Qe6 38. Qd2 Qb6 39. Qh2 Qe6 40. Qd2 Qb6 41. Qh2 Bd7 42. Qh4 Kf7 43. Qh5+ Kf6 44. Qh4+ Ke6 45. Qg4+ Kd6 46. Qg7 Qb4 47. Qf6+ Be6 48. Qd8+ Kc6 49. Bb1 Qd2+ 50. Ka1 Qc3+ 51. Ka2 Qd2+ 52. Ka1 Qb4 53. Ka2 Qd2+ 54. Ka1 Qc3+ 55. Ka2 Qxf3 56. Qe8+ Bd7 57. Qa8+ Kc7 58. Qxa5+ Kd6 59. Qb6+ Ke7 60. Qxc5+ Kf7 61. Qxe5 Qe3 1/2-1/2

[Event "Belgrade ChessAmateur op 5th"]
[Site "Belgrade"]
[Date "2019.01.05"]
[Round "2"]
[White "Frolov, Lev"]
[Black "Jurman, Roberto"]
[Result "1/2-1/2"]
[WhiteElo "1907"]
[BlackElo "2140"]
[PlyCount "81"]
[EventDate "2019.01.04"]
[EventType "swiss"]
[EventRounds "9"]
[EventCountry "SRB"]
[SourceTitle "CBM 188 Extra"]
[Source "ChessBase"]
[SourceDate "2019.02.26"]
[SourceVersion "1"]
[SourceVersionDate "2019.02.26"]
[SourceQuality "1"]

1. d4 Nf6 2. Nf3 g6 3. Nbd2 d5 4. e3 Bg7 5. Bd3 0-0 6. 0-0 Nc6 7. c3 Re8 8. Qc2 e5 9. Nxe5 Nxe5 10. dxe5 Ng4 11. Nf3 Nxe5 12. Nxe5 Bxe5 13. f4 Bd6 14. e4 dxe4 15. Bxe4 c6 16. Bd2 Bd7 17. Rae1 f5 18. Bf3 Qb6+ 19. Kh1 Rxe1 20. Rxe1 Re8 21. Rxe8+ Bxe8 22. b4 Qf2 23. Qc1 Bf7 24. a3 Bc4 25. Be3 Qf1+ 26. Qxf1 Bxf1 27. g3 a6 28. Kg1 Bc4 29. Kf2 Kf7 30. Bd4 Ke6 31. Ke3 Bd5 32. Be2 Bc7 33. Bd3 b5 34. Be2 a5 35. Bc5 axb4 36. axb4 Bd8 37. Bd4 h5 38. h4 Bc4 39. Bf3 Kd6 40. Be5+ Kd7 41. Bg7 1/2-1/2

[Event "Sochi ChessAmateur op10"]
[Site "Sochi"]
[Date "2018.10.18"]
[Round "9"]
[White "Beshukova, Alina"]
[Black "Frolov, Lev"]
[Result "1-0"]
[WhiteElo "1871"]
[BlackElo "1967"]
[PlyCount "67"]
[EventDate "2018.10.12"]
[EventType "swiss"]
[EventRounds "9"]
[EventCountry "RUS"]
[SourceTitle "CBM 187 Extra"]
[Source "ChessBase"]
[SourceDate "2018.11.04"]
[SourceVersion "1"]
[SourceVersionDate "2018.11.04"]
[SourceQuality "1"]

1. d4 d5 2. Nf3 Nf6 3. c4 c6 4. e3 e6 5. Bd3 Nbd7 6. 0-0 dxc4 7. Bxc4 b5 8. Be2 a6 9. Qc2 Bb7 10. Rd1 Be7 11. a3 0-0 12. Nc3 c5 13. dxc5 Bxc5 14. b4 Bb6 15. Bb2 Qc7 16. Rac1 Rac8 17. Qb1 Qb8 18. a4 bxa4 19. Nxa4 Ba7 20. Bd4 Rfd8 21. Nc5 Nxc5 22. Bxc5 Bxc5 23. bxc5 Qc7 24. Nd4 Ra8 25. c6 Bc8 26. Qa1 e5 27. Nb5 Rxd1+ 28. Rxd1 Qb6 29. c7 Nd7 30. Bf3 Qxb5 31. Bxa8 Qc5 32. Qc1 Qxc1 33. Rxc1 Kf8 34. Rb1 1-0

[Event "Sochi ChessAmateur op10"]
[Site "Sochi"]
[Date "2018.10.16"]
[Round "7"]
[White "Zhapova, Yana"]
[Black "Frolov, Lev"]
[Result "1-0"]
[WhiteElo "1768"]
[BlackElo "1967"]
[PlyCount "45"]
[EventDate "2018.10.12"]
[EventType "swiss"]
[EventRounds "9"]
[EventCountry "RUS"]
[SourceTitle "CBM 187 Extra"]
[Source "ChessBase"]
[SourceDate "2018.11.04"]
[SourceVersion "1"]
[SourceVersionDate "2018.11.04"]
[SourceQuality "1"]

1. e4 c5 2. Nf3 d6 3. Bb5+ Nd7 4. 0-0 Ngf6 5. Re1 e5 6. c3 Be7 7. d4 Qc7 8. Bg5 0-0 9. Nbd2 a6 10. Bxd7 Bxd7 11. dxe5 dxe5 12. Nc4 Bc6 13. Nfxe5 Rad8 14. Qc1 b5 15. Nxc6 Qxc6 16. Ne3 Qxe4 17. c4 Qg6 18. Bxf6 Bxf6 19. cxb5 axb5 20. Qxc5 Rd2 21. Nd5 Rxb2 22. Rac1 Rd8 23. Ne7+ 1-0

[Event "Sochi ChessAmateur op10"]
[Site "Sochi"]
[Date "2018.10.12"]
[Round "1"]
[White "Mishin, Alexei"]
[Black "Frolov, Lev"]
[Result "1/2-1/2"]
[WhiteElo "2216"]
[BlackElo "1967"]
[PlyCount "92"]
[EventDate "2018.10.12"]
[EventType "swiss"]
[EventRounds "9"]
[EventCountry "RUS"]
[SourceTitle "CBM 187 Extra"]
[Source "ChessBase"]
[SourceDate "2018.11.04"]
[SourceVersion "1"]
[SourceVersionDate "2018.11.04"]
[SourceQuality "1"]

1. e4 c5 2. Nf3 d6 3. d4 Nf6 4. Nc3 cxd4 5. Qxd4 Nc6 6. Bb5 e5 7. Qd3 Be7 8. Bg5 a6 9. Bxc6+ bxc6 10. Rd1 Qc7 11. Bxf6 gxf6 12. Nh4 Rg8 13. 0-0 Rg4 14. g3 a5 15. Qe3 Rg7 16. Kh1 Be6 17. f4 Qa7 18. Qe1 Rd8 19. Nf5 Rg8 20. Qe2 Bxf5 21. exf5 Qb7 22. fxe5 fxe5 23. f6 Bf8 24. Rf5 Rd7 25. Ne4 Qxb2 26. Qa6 Qb5 27. Qxb5 cxb5 28. Rd5 Rg4 29. Nc3 Rc4 30. Nxb5 Rxc2 31. a4 Rc4 32. Rh5 h6 33. Rh4 Rxh4 34. gxh4 Rb7 35. Kg2 Kd7 36. Kf3 Ke6 37. Ke4 Kxf6 38. Nc3 Ke6 39. Rxa5 f5+ 40. Kd3 e4+ 41. Kc2 Rc7 42. Kb3 Bg7 43. Nd5 Rc5 44. Rxc5 dxc5 45. Kc4 Bd4 46. a5 Kd6 1/2-1/2

[Event "Sochi ChessAmateur op"]
[Site "Sochi"]
[Date "2018.04.04"]
[Round "5"]
[White "Frolov, Lev"]
[Black "Kuznetsov, Mikhail V"]
[Result "0-1"]
[WhiteElo "2006"]
[BlackElo "2246"]
[PlyCount "20"]
[EventDate "2018.04.01"]
[EventType "swiss"]
[EventRounds "9"]
[EventCountry "RUS"]
[SourceTitle "CBM 184 Extra"]
[Source "ChessBase"]
[SourceDate "2018.06.28"]
[SourceVersion "1"]
[SourceVersionDate "2018.06.28"]
[SourceQuality "1"]

1. d4 d5 2. c4 e6 3. Nc3 Nf6 4. Bg5 Nbd7 5. e3 Bb4 6. Qb3 c5 7. cxd5 exd5 8. dxc5 Qa5 9. Bxf6 Nxf6 10. Bb5+ Qxb5 0-1

[Event "Sochi ChessAmateur op"]
[Site "Sochi"]
[Date "2018.04.03"]
[Round "4"]
[White "Kurus, Artem"]
[Black "Frolov, Lev"]
[Result "0-1"]
[WhiteElo "1771"]
[BlackElo "2006"]
[PlyCount "68"]
[EventDate "2018.04.01"]
[EventType "swiss"]
[EventRounds "9"]
[EventCountry "RUS"]
[SourceTitle "CBM 184 Extra"]
[Source "ChessBase"]
[SourceDate "2018.06.28"]
[SourceVersion "1"]
[SourceVersionDate "2018.06.28"]
[SourceQuality "1"]

1. d4 d5 2. c4 c6 3. cxd5 cxd5 4. Nc3 Nc6 5. Nf3 Nf6 6. Bf4 a6 7. Rc1 e6 8. e3 Bd6 9. Bg3 0-0 10. Bd3 Qe7 11. Bh4 Qd8 12. 0-0 h6 13. e4 dxe4 14. Nxe4 Be7 15. Nc5 Nb4 16. a3 Nxd3 17. Nxd3 Bd7 18. Qb3 Bc6 19. Rxc6 bxc6 20. Rc1 Nd5 21. Bg3 Qb6 22. Qc2 Bg5 23. Nxg5 hxg5 24. Bd6 Rfc8 25. Bc5 Qd8 26. Ne5 Qf6 27. Qa4 Qf4 28. Rf1 Qe4 29. Nc4 Nf4 30. f3 Qe2 31. Ne3 Qxe3+ 32. Kh1 Qe2 33. Rg1 Qxb2 34. h4 Qf2 0-1

[Event "Sochi Doroshkevich Amateur op"]
[Site "Sochi"]
[Date "2017.12.25"]
[Round "5"]
[White "Frolov, Lev"]
[Black "Kiriushin, Vladimir"]
[Result "1/2-1/2"]
[WhiteElo "1885"]
[BlackElo "2102"]
[PlyCount "76"]
[EventDate "2017.12.21"]
[EventType "swiss"]
[EventRounds "9"]
[EventCountry "RUS"]
[SourceTitle "CBM 182 Extra"]
[Source "ChessBase"]
[SourceDate "2018.02.23"]
[SourceVersion "1"]
[SourceVersionDate "2018.02.23"]
[SourceQuality "1"]

1. d4 Nf6 2. c4 e6 3. Nf3 b6 4. a3 Bb7 5. Nc3 d5 6. cxd5 Nxd5 7. e3 Be7 8. Bd3 c5 9. 0-0 cxd4 10. exd4 0-0 11. Qe2 Nd7 12. Nxd5 Bxd5 13. Bf4 Nf6 14. Rfd1 Rc8 15. Ba6 Bxf3 16. gxf3 Nd5 17. Be5 Rc6 18. Bb7 Rd6 19. Bxd6 Bxd6 20. Bxd5 Qg5+ 21. Kf1 Bxh2 22. Qe4 exd5 23. Qg4 Qf6 24. Rac1 g6 25. Rc8 h5 26. Rxf8+ Kxf8 27. Qc8+ Kg7 28. Kg2 Bf4 29. Qd7 Qg5+ 30. Kf1 h4 31. Qg4 Qf6 32. Kg2 g5 33. Kh3 Qg6 34. Rg1 f5 35. Qxf4 gxf4 36. Rxg6+ Kxg6 37. Kxh4 Kh6 38. Kh3 Kh5 1/2-1/2

[Event "Krasnodar Winter op"]
[Site "Krasnodar"]
[Date "2014.12.23"]
[Round "8"]
[White "Frolov, Lev"]
[Black "Zamsha, Denis"]
[Result "1-0"]
[WhiteElo "1930"]
[BlackElo "1579"]
[PlyCount "65"]
[EventDate "2014.12.17"]
[EventType "swiss"]
[EventRounds "9"]
[EventCountry "RUS"]
[SourceTitle "CBM 164 Extra"]
[Source "ChessBase"]
[SourceDate "2015.03.02"]
[SourceVersion "1"]
[SourceVersionDate "2015.03.02"]
[SourceQuality "1"]

1. d4 d5 2. c4 c6 3. Nc3 e6 4. cxd5 cxd5 5. Nf3 Nc6 6. Bf4 Bd6 7. Bg3 a6 8. e3 Nf6 9. Bd3 b5 10. 0-0 Bxg3 11. hxg3 Ng4 12. Nh2 Nxh2 13. Kxh2 f5 14. f4 Bb7 15. Kg1 Ne7 16. b4 Nc8 17. a4 Nd6 18. axb5 axb5 19. Rxa8 Qxa8 20. Nxb5 Nxb5 21. Bxb5+ Ke7 22. Qa1 Qxa1 23. Rxa1 Ra8 24. Rxa8 Bxa8 25. Kf2 Kd8 26. g4 g6 27. g5 Ke7 28. Ke1 Kd6 29. Kd2 Bb7 30. Kc3 Bc8 31. Kb3 Bb7 32. Ka4 Bc8 33. Ka5 1-0

[Event "Krasnodar Winter op"]
[Site "Krasnodar"]
[Date "2014.12.21"]
[Round "7"]
[White "Pavlenko, Ksenia"]
[Black "Frolov, Lev"]
[Result "1-0"]
[WhiteElo "1987"]
[BlackElo "1930"]
[PlyCount "95"]
[EventDate "2014.12.17"]
[EventType "swiss"]
[EventRounds "9"]
[EventCountry "RUS"]
[SourceTitle "CBM 164 Extra"]
[Source "ChessBase"]
[SourceDate "2015.03.02"]
[SourceVersion "1"]
[SourceVersionDate "2015.03.02"]
[SourceQuality "1"]

1. d4 d5 2. Nf3 Nf6 3. c4 c6 4. Nbd2 Bf5 5. g3 e6 6. Bg2 Nbd7 7. 0-0 Bd6 8. h3 h6 9. Re1 g5 10. Nh2 Ne4 11. Nxe4 Bxe4 12. Bxe4 dxe4 13. d5 exd5 14. cxd5 c5 15. Kg2 Qc7 16. Bd2 0-0-0 17. Qa4 Nf6 18. Qxa7 Nxd5 19. Ba5 Qc6 20. Bxd8 Rxd8 21. a3 Bb8 22. Qa8 e3 23. f3 Kd7 24. Red1 Bc7 25. Qa7 Ke6 26. b3 b5 27. a4 b4 28. Rac1 Bd6 29. Qa5 Ra8 30. Qb5 Qxb5 31. axb5 Ra2 32. Kf1 Bxg3 33. Ng4 h5 34. Rxd5 Kxd5 35. Nxe3+ Ke6 36. Rxc5 Ra1+ 37. Kg2 Bf4 38. Nc2 Ra2 39. Kf2 Bd6 40. Nd4+ Kf6 41. Rc6 Ke5 42. Nf5 Kxf5 43. Rxd6 Ke5 44. Ra6 Rd2 45. b6 Rd8 46. Ra4 Kd6 47. b7 Rb8 48. Rxb4 1-0

[Event "Krasnodar Winter op"]
[Site "Krasnodar"]
[Date "2014.12.18"]
[Round "2"]
[White "Frolov, Lev"]
[Black "Pudovkin, Dmitry"]
[Result "0-1"]
[WhiteElo "1930"]
[BlackElo "2266"]
[PlyCount "66"]
[EventDate "2014.12.17"]
[EventType "swiss"]
[EventRounds "9"]
[EventCountry "RUS"]
[SourceTitle "CBM 164 Extra"]
[Source "ChessBase"]
[SourceDate "2015.03.02"]
[SourceVersion "1"]
[SourceVersionDate "2015.03.02"]
[SourceQuality "1"]

1. d4 Nf6 2. c4 e6 3. g3 d5 4. Bg2 dxc4 5. Nc3 Nbd7 6. Nf3 a6 7. 0-0 Rb8 8. e4 Nb6 9. a4 a5 10. Qe2 Bb4 11. Rd1 Bd7 12. d5 0-0 13. dxe6 fxe6 14. Ne5 Qe7 15. Nxd7 Nfxd7 16. Be3 Bc5 17. f4 Bxe3+ 18. Qxe3 Qc5 19. Kf2 e5 20. Qxc5 Nxc5 21. Ke3 c6 22. Bf1 Rbe8 23. f5 Rd8 24. Be2 Kf7 25. Rxd8 Rxd8 26. Rd1 Rxd1 27. Bxd1 Nc8 28. h4 h6 29. Be2 Nd6 30. g4 Kf6 31. Bd1 g5 32. h5 Ke7 33. Bc2 Ne8 0-1

[Event "Golubitskaya op"]
[Site "Golubitskaya"]
[Date "2014.06.27"]
[Round "7"]
[White "Chumak, Vadim"]
[Black "Frolov, Lev"]
[Result "1/2-1/2"]
[WhiteElo "1730"]
[BlackElo "1930"]
[PlyCount "76"]
[EventDate "2014.06.21"]
[EventType "swiss"]
[EventRounds "9"]
[EventCountry "RUS"]
[SourceTitle "EXT 2015"]
[Source "ChessBase"]
[SourceDate "2014.11.20"]
[SourceVersion "1"]
[SourceVersionDate "2014.11.20"]
[SourceQuality "1"]

1. e4 c6 2. d4 d5 3. Nc3 dxe4 4. Nxe4 Nd7 5. Ng5 Ngf6 6. Bd3 e6 7. N1f3 Bd6 8. Qe2 0-0 9. Nxe6 fxe6 10. Qxe6+ Kh8 11. Qxd6 Re8+ 12. Be3 Qa5+ 13. c3 Nd5 14. 0-0 N7f6 15. Bg5 Be6 16. Rfe1 Rad8 17. Qg3 Qc7 18. Ne5 b5 19. b3 Qd6 20. c4 bxc4 21. bxc4 Nb4 22. Bxf6 gxf6 23. Qh4 Nxd3 24. Qxf6+ Kg8 25. Nxd3 Qxd4 26. Qxd4 Rxd4 27. Nc5 Kf7 28. Re4 Rxc4 29. Nxe6 Rxe4 30. Ng5+ Kf6 31. Nxe4+ Rxe4 32. Rc1 Ke5 33. f3 Re2 34. Rc5+ Kd6 35. Ra5 c5 36. Rxa7 c4 37. Kf1 Rb2 38. Rxh7 c3 1/2-1/2

[Event "Nebug Rating op"]
[Site "Nebug"]
[Date "2013.03.27"]
[Round "6"]
[White "Chip, Evgeny"]
[Black "Frolov, Lev"]
[Result "0-1"]
[WhiteElo "1683"]
[BlackElo "1945"]
[PlyCount "58"]
[EventDate "2013.03.22"]
[EventType "swiss"]
[EventRounds "9"]
[EventCountry "RUS"]
[SourceTitle "EXT 2015"]
[Source "ChessBase"]
[SourceDate "2014.11.20"]
[SourceVersion "1"]
[SourceVersionDate "2014.11.20"]
[SourceQuality "1"]

1. Nf3 d5 2. c4 c6 3. cxd5 cxd5 4. d4 Nf6 5. g3 Nc6 6. Bg2 Bf5 7. a3 e6 8. 0-0 Bd6 9. Nc3 0-0 10. b4 Rc8 11. Bb2 Ne4 12. Rc1 Nxc3 13. Bxc3 Be4 14. Qd2 Qe7 15. Ne5 Bxg2 16. Kxg2 f6 17. Nxc6 Rxc6 18. f4 f5 19. b5 Rc4 20. Ra1 Rfc8 21. Rfc1 Bxa3 22. Bb2 Bb4 23. Qe3 Rxc1 24. Rxc1 Rxc1 25. Qxc1 Qd7 26. Qe3 Kf7 27. Qd3 Qc7 28. Qb3 Qc4 29. Qa4 Qxe2+ 0-1

[Event "Krasnodar Region Cup"]
[Site "Krasnodar"]
[Date "2013.01.24"]
[Round "2"]
[White "Frolov, Lev"]
[Black "Polyakov, Yury"]
[Result "0-1"]
[WhiteElo "1966"]
[BlackElo "2267"]
[PlyCount "64"]
[EventDate "2013.01.23"]
[EventType "swiss"]
[EventRounds "8"]
[EventCountry "RUS"]
[SourceTitle "EXT 2023"]
[Source "ChessBase"]
[SourceDate "2022.10.05"]
[SourceVersion "1"]
[SourceVersionDate "2022.10.05"]
[SourceQuality "1"]

1. d4 Nf6 2. c4 g6 3. Nc3 Bg7 4. e4 0-0 5. h3 d6 6. Bg5 c5 7. d5 e6 8. Bd3 exd5 9. exd5 Qa5 10. Bd2 Nbd7 11. f4 a6 12. Nge2 Qd8 13. a4 Nh5 14. 0-0 f5 15. Kh2 Ndf6 16. Qc2 Re8 17. Rae1 Ng4+ 18. hxg4 Qh4+ 19. Kg1 fxg4 20. Ne4 Rxe4 21. Bxe4 g3 22. Rf3 Qh2+ 23. Kf1 Bh3 24. Rxg3 Nxg3+ 25. Nxg3 Bg4 26. Kf2 Rf8 27. Be3 Bd4 28. f5 gxf5 29. Nxf5 Rxf5+ 30. Bxf5 Qf4+ 31. Kg1 Bxe3+ 32. Rxe3 Qxe3+ 0-1

[Event "Chigorin Memorial 20th"]
[Site "St Petersburg"]
[Date "2012.11.03"]
[Round "8"]
[White "Frolov, Lev"]
[Black "Popov, Alexei"]
[Result "1-0"]
[WhiteElo "1970"]
[BlackElo "1823"]
[PlyCount "105"]
[EventDate "2012.10.27"]
[EventType "swiss"]
[EventRounds "9"]
[EventCountry "RUS"]
[SourceTitle "EXT 2013"]
[Source "ChessBase"]
[SourceDate "2012.11.22"]
[SourceVersion "1"]
[SourceVersionDate "2012.11.22"]
[SourceQuality "1"]

1. d4 Nf6 2. c4 e6 3. Nf3 Bb4+ 4. Bd2 a5 5. Nc3 c5 6. a3 Bxc3 7. Bxc3 Ne4 8. Qc2 Nxc3 9. Qxc3 cxd4 10. Nxd4 e5 11. Nb5 Nc6 12. Nd6+ Kf8 13. e3 b6 14. Be2 Qe7 15. Rd1 Nd8 16. Bf3 Rb8 17. Qd3 g6 18. b3 Ne6 19. Nxc8 Rxc8 20. Qxd7 Qxd7 21. Rxd7 a4 22. b4 Rxc4 23. Kd2 Kg7 24. Bd5 Rc7 25. Bxe6 Rxd7+ 26. Bxd7 Rd8 27. Kc3 Rxd7 28. Kc4 Rd2 29. Kb5 Rxf2 30. Kxb6 Rxg2 31. Ka5 Re2 32. b5 Rxe3 33. Kxa4 f5 34. b6 Rd3 35. b7 Rd8 36. Kb5 f4 37. a4 Rb8 38. Kb6 f3 39. a5 e4 40. a6 f2 41. a7 Rxb7+ 42. Kxb7 e3 43. a8Q e2 44. Qa1+ Kh6 45. Qf6 f1Q 46. Rxf1 exf1Q 47. Qxf1 Kg5 48. Kc6 h5 49. Kd5 h4 50. Ke5 h3 51. Qg1+ Kh4 52. Kf4 Kh5 53. Qg5# 1-0

[Event "Chigorin Memorial 20th"]
[Site "St Petersburg"]
[Date "2012.11.02"]
[Round "7"]
[White "Karasev, Vladimir I"]
[Black "Frolov, Lev"]
[Result "1-0"]
[WhiteElo "2373"]
[BlackElo "1970"]
[PlyCount "77"]
[EventDate "2012.10.27"]
[EventType "swiss"]
[EventRounds "9"]
[EventCountry "RUS"]
[SourceTitle "EXT 2013"]
[Source "ChessBase"]
[SourceDate "2012.11.22"]
[SourceVersion "1"]
[SourceVersionDate "2012.11.22"]
[SourceQuality "1"]

1. Nc3 d5 2. e3 Nf6 3. b3 c6 4. Bb2 e5 5. Nce2 Bd6 6. f4 Nbd7 7. Nf3 Qe7 8. g3 Ng4 9. h3 Nh6 10. Bg2 f6 11. 0-0 0-0 12. c4 Nb6 13. fxe5 fxe5 14. c5 Bxc5 15. Bxe5 Nf7 16. Bb2 Ng5 17. Nf4 Nxf3+ 18. Rxf3 Ba3 19. Bc3 Bb4 20. Bxb4 Qxb4 21. Nd3 Qd6 22. Rxf8+ Kxf8 23. Qh5 Kg8 24. Qe8+ Qf8 25. Qe5 Qf6 26. Qxf6 gxf6 27. Rf1 Kg7 28. Nf4 f5 29. d3 Kf7 30. a4 Be6 31. g4 fxg4 32. Nxd5+ Kg8 33. Nc7 gxh3 34. Be4 Bxb3 35. Nxa8 Nxa8 36. Rb1 Bxa4 37. Rxb7 Nb6 38. Rxa7 Bb5 39. Rxh7 1-0

[Event "Chigorin Memorial 20th"]
[Site "St Petersburg"]
[Date "2012.10.31"]
[Round "5"]
[White "Pitkanen, Juhani"]
[Black "Frolov, Lev"]
[Result "1/2-1/2"]
[WhiteElo "1763"]
[BlackElo "1970"]
[PlyCount "42"]
[EventDate "2012.10.27"]
[EventType "swiss"]
[EventRounds "9"]
[EventCountry "RUS"]
[SourceTitle "EXT 2013"]
[Source "ChessBase"]
[SourceDate "2012.11.22"]
[SourceVersion "1"]
[SourceVersionDate "2012.11.22"]
[SourceQuality "1"]

1. d4 d5 2. c4 c6 3. Nc3 Nf6 4. e3 e6 5. Nf3 Nbd7 6. Qc2 Bd6 7. b3 0-0 8. Bb2 Re8 9. Bd3 e5 10. dxe5 Nxe5 11. Nxe5 Bxe5 12. 0-0 h6 13. h3 Be6 14. Rad1 Qc7 15. cxd5 Nxd5 16. Nxd5 Bxd5 17. Bxe5 Qxe5 18. Bc4 Be4 19. Bd3 Bd5 20. Bc4 Be4 21. Bd3 Bd5 1/2-1/2

[Event "Krasnodar Region-ch"]
[Site "Krasnodar"]
[Date "2012.10.09"]
[Round "8"]
[White "Frolov, Lev"]
[Black "Mnatsakanian, Arsen"]
[Result "1-0"]
[WhiteElo "1970"]
[BlackElo "1739"]
[PlyCount "73"]
[EventDate "2012.10.02"]
[EventType "swiss"]
[EventRounds "9"]
[EventCountry "RUS"]
[SourceTitle "EXT 2013"]
[Source "ChessBase"]
[SourceDate "2012.11.22"]
[SourceVersion "1"]
[SourceVersionDate "2012.11.22"]
[SourceQuality "1"]

1. d4 d5 2. c4 c6 3. Nf3 e6 4. Nc3 dxc4 5. a4 Bb4 6. e3 b5 7. Bd2 a5 8. Ne5 Bxc3 9. bxc3 Nf6 10. Be2 Nbd7 11. Nxc6 Qb6 12. axb5 Qxb5 13. Qa4 Qxa4 14. Rxa4 Bb7 15. Bf3 Nd5 16. Nxa5 0-0 17. 0-0 Bc6 18. Raa1 Bb5 19. e4 N5f6 20. Bf4 Rfc8 21. Nb7 Ba6 22. Nd6 Rc6 23. Ra5 Nb8 24. Rfa1 h6 25. h4 Kf8 26. g4 Ke7 27. g5 Ne8 28. e5 Nc7 29. Bxc6 Nxc6 30. Rc5 Kd7 31. gxh6 gxh6 32. Bxh6 Rh8 33. Bg5 Rh7 34. Ne4 Rg7 35. Nf6+ Kc8 36. Rxc6 Kb7 37. Rxc7+ 1-0

[Event "Krasnodar Region-ch"]
[Site "Krasnodar"]
[Date "2012.10.06"]
[Round "5"]
[White "Gridnev, Yury"]
[Black "Frolov, Lev"]
[Result "1-0"]
[WhiteElo "1983"]
[BlackElo "1970"]
[PlyCount "105"]
[EventDate "2012.10.02"]
[EventType "swiss"]
[EventRounds "9"]
[EventCountry "RUS"]
[SourceTitle "EXT 2013"]
[Source "ChessBase"]
[SourceDate "2012.11.22"]
[SourceVersion "1"]
[SourceVersionDate "2012.11.22"]
[SourceQuality "1"]

1. d4 d5 2. Nf3 Nf6 3. c4 c6 4. g3 Bg4 5. Bg2 e6 6. Ne5 Bh5 7. Nc3 Nbd7 8. Qb3 Qb6 9. Nxd7 Nxd7 10. Qxb6 Nxb6 11. cxd5 exd5 12. 0-0 Bb4 13. a3 Be7 14. b3 0-0 15. e3 Bg6 16. Ra2 Rfe8 17. Bd2 Bd6 18. Re1 Rad8 19. a4 Bb4 20. a5 Nd7 21. Na4 Bxd2 22. Rxd2 a6 23. f3 f5 24. b4 Re7 25. Bf1 Bh5 26. Kf2 g5 27. Nc5 Nxc5 28. bxc5 Rf8 29. f4 h6 30. Bd3 Kg7 31. Rb2 Kf6 32. Rb6 Rff7 33. Reb1 Rc7 34. fxg5+ hxg5 35. h3 Kg7 36. Rg1 Kf6 37. Bf1 Ke6 38. h4 g4 39. Bd3 Rf8 40. Ke2 Rff7 41. Rf1 Bg6 42. Kd2 Bh5 43. Rfb1 Rfe7 44. R6b2 Rf7 45. Kc3 Rce7 46. Rf2 Rc7 47. Rbf1 Bg6 48. Kd2 Rce7 49. Rf4 Re8 50. h5 Bh7 51. e4 dxe4 52. Bc4+ Ke7 53. Rxe4+ 1-0

[Event "Krasnodar Region-ch"]
[Site "Krasnodar"]
[Date "2012.10.05"]
[Round "4"]
[White "Frolov, Lev"]
[Black "Panarin, Vladimir"]
[Result "1/2-1/2"]
[WhiteElo "1970"]
[BlackElo "2097"]
[PlyCount "110"]
[EventDate "2012.10.02"]
[EventType "swiss"]
[EventRounds "9"]
[EventCountry "RUS"]
[SourceTitle "EXT 2013"]
[Source "ChessBase"]
[SourceDate "2012.11.22"]
[SourceVersion "1"]
[SourceVersionDate "2012.11.22"]
[SourceQuality "1"]

1. d4 Nf6 2. c4 e6 3. Nf3 d5 4. Nc3 Bb4 5. Bg5 h6 6. Bxf6 Qxf6 7. Qa4+ Nc6 8. Ne5 0-0 9. Nxc6 Bxc3+ 10. bxc3 Bd7 11. cxd5 exd5 12. e3 a6 13. Bd3 Bxc6 14. Qc2 Qg5 15. 0-0 Rae8 16. Rfe1 Re6 17. Re2 Rfe8 18. Rae1 g6 19. h3 f5 20. g3 Kg7 21. Kh2 h5 22. h4 Qe7 23. Qb2 Rf8 24. f4 Re8 25. Qc1 Qd7 26. Kg1 R8e7 27. Kf2 Re4 28. Rb2 R4e6 29. Rbe2 Qe8 30. Qb2 Qa8 31. c4 Qd8 32. Rb1 Kh7 33. c5 Qe8 34. Qd2 Kg7 35. Rb2 Qd7 36. Re1 Re8 37. Re2 Ra8 38. Re1 Bb5 39. Reb1 Bc6 40. Bc2 Rae8 41. Re1 Bb5 42. Qb4 Re4 43. a4 Bc6 44. a5 R8e7 45. Bd3 Qe8 46. Qd2 R4e6 47. Rbb1 Qf7 48. Rb2 Qf6 49. Rb4 Re4 50. Bxe4 fxe4 51. Reb1 Qf5 52. Qe2 Rf7 53. Rxb7 Bxb7 54. Rxb7 Qh3 55. Qf1 Qg4 1/2-1/2